Transformation of knowledge, information and data : Theory and applications
Guardat en:
| Autor principal: | |
|---|---|
| Format: | Llibre |
| Idioma: | Undetermined |
| Publicat: |
Hersley, PA
INFOSCI
2004
|
| Matèries: | |
| Etiquetes: |
Afegir etiqueta
Sense etiquetes, Sigues el primer a etiquetar aquest registre!
|
| Thư viện lưu trữ: | Trung tâm Học liệu Trường Đại học Cần Thơ |
|---|
| LEADER | 00570nam a2200193Ia 4500 | ||
|---|---|---|---|
| 001 | CTU_102864 | ||
| 008 | 210402s9999 xx 000 0 und d | ||
| 082 | |a 005.74 | ||
| 082 | |b B695 | ||
| 100 | |a Bommel, Patrick Van | ||
| 245 | 0 | |a Transformation of knowledge, information and data : | |
| 245 | 0 | |b Theory and applications | |
| 245 | 0 | |c Patrick Van Bommel | |
| 260 | |a Hersley, PA | ||
| 260 | |b INFOSCI | ||
| 260 | |c 2004 | ||
| 650 | |a Database management,Transformations ( mathematics ) | ||
| 904 | |i Minh | ||
| 980 | |a Trung tâm Học liệu Trường Đại học Cần Thơ | ||